000
00287nam a2200133Ia 4500
100
_a
DEOPUJARI/U.P.
250
_a
2ND
942
_c
BK
245
_a
MAHARASHTRA GENERAL CONDITION OF SERVICES
260
_b
Nagpur Law House
_a
Nagpur
300
_a
252
546
_a
ENGLISH
999
_c
31798
_d
31798